000 01345cam a22003617a 4500
003 CHAP
005 20220329142104.0
008 990610d1999 mx r 00110 spa d
010 _a78205
011 _a79177
035 _a89342
040 _cCHAP
090 _aTesis
100 0 0 _aLara Arellano, Dzahuindanda.
_964821
245 1 4 _aLas micro y pequeñas empresas en México :
_bproblemática económica, administrataiva y perspectivas de desarrollo
_c/por Dzahuindanda Lara Arellano
260 _aChapingo, Méx. :
_bEl autor,
_c1999.
300 _a86 h.
502 _aTesis (Lic. en Administración de Empresas Agropecuarias) -- UACH. División de Ciencias Económico Administrativas
590 _aALEPH
_b10
_c20130110
_lUCH01
_h1429
590 _aBATCH-UPD
_b10
_c20130110
_lUCH01
_h0442
590 _aBATCH-UPD
_b10
_c20130410
_lUCH01
_h0119
590 _aBATCH-UPD
_b10
_c20130913
_lUCH01
_h1946
590 _aCONVERSION
_b10
_c20130109
_lUCH01
_h1343
650 1 4 _aAdministración de empresas.
_9922
650 1 4 _aEmpresas
_zMéxico.
_936646
650 1 4 _aMicroeconomía.
_975508
901 _aBK
905 _aAlejandra Carrasco M.
942 _cFOLL
949 _bBC
_cTES
_d33724000714655
_eTS2
_fc.2
_h34115
_i89342
_sb
949 _bBC
_cTES
_d33724000759650
_eTS2
_fc.3
_h35053
_i89342
_si
949 _bBC
_cTES
_d893421
_eTS1
_h34114
_i89342
_sb
999 _c78205
_d78205